[Event "N֖ Landesliga 2015/16 Baden -Litschau"]
[Site "Baden"]
[Date "2015.11.08"]
[Round "3"]
[White "Ganaus, Hannes"]
[Black "Plasil, Jiri"]
[Result "1-0"]
[WhiteElo "2276"]
[BlackElo "2084"]
[PlyCount "107"]
[EventDate "2015.??.??"]

1. Nf3 d5 2. e3 c6 3. c4 e6 4. b3 Nf6 5. Bb2 Nbd7 6. Qc2 Bd6 7. Be2 O-O 8. Nc3
b6 9. O-O Bb7 10. d4 Qe7 11. e4 dxe4 12. Nxe4 Nxe4 13. Qxe4 Nf6 14. Qe3 Ba3 15.
Bc3 Bb4 16. Bxb4 Qxb4 17. a3 Qd6 18. c5 Qc7 19. Rfc1 b5 20. g3 Rfd8 21. Rc2 Nd5
22. Qe4 Qe7 23. Re1 g6 24. h4 Kg7 25. Kg2 Qf6 26. Bd3 a6 27. h5 Qf5 28. hxg6
Qxe4 29. Rxe4 hxg6 30. Rc1 Rh8 31. Ree1 Rad8 32. Be4 Nf6 33. Rcd1 Rhe8 34. b4
Nxe4 35. Rxe4 Rd5 36. Rh1 Rh8 37. Rxh8 Kxh8 38. g4 Kg7 39. g5 Bc8 40. Ne5 Bd7
41. Rf4 Be8 42. Kf3 Rd8 43. Ke4 Rd5 44. Rh4 Bd7 45. f4 Be8 46. Ng4 Rf5 47. Ne3
f6 48. Nxf5+ exf5+ 49. Ke3 Bf7 50. gxf6+ Kxf6 51. Rh8 Bd5 52. Rd8 Be4 53. Rd6+
Kf7 54. Kf2 1-0

[Event "N֖ Landesliga 2015/16 Baden - Litschau"]
[Site "Baden"]
[Date "2015.11.08"]
[Round "3"]
[White "Popelka, Oldrich"]
[Black "Juenger, Heinz"]
[Result "1/2-1/2"]
[WhiteElo "2071"]
[BlackElo "2109"]
[PlyCount "115"]
[EventDate "2015.??.??"]

1. c4 Nf6 2. Nc3 d5 3. cxd5 Nxd5 4. g3 g6 5. Bg2 Nb6 6. Nf3 Bg7 7. d3 Nc6 8.
O-O O-O 9. Be3 e5 10. Rc1 Re8 11. Ne4 Nd5 12. Bg5 f6 13. Bd2 Bf8 14. Qb3 Kg7
15. a3 Nb6 16. Nc5 Bxc5 17. Rxc5 Nd4 18. Nxd4 exd4 19. Re1 c6 20. a4 Qe7 21.
Bb4 Be6 22. Qa3 Qf7 23. a5 Nd7 24. Rcc1 Bd5 25. Bh3 Be6 26. Bxe6 Qxe6 27. Bc5
Qd5 28. Rc4 Nxc5 29. Rxc5 Qd7 30. Qb4 Re6 31. Rc4 Rd8 32. Qc5 a6 33. Rb4 Qe7
34. Qxe7+ Rxe7 35. Rc1 Rd5 36. Rcc4 Rxa5 37. Rxd4 c5 38. Re4 Rxe4 39. Rxe4 Rb5
40. Rc4 Kf7 41. Rc2 Ke6 42. Kf1 Kd6 43. Ke1 a5 44. Kd1 a4 45. Kc1 Rb3 46. Rc4
a3 47. bxa3 Rxa3 48. Kb2 Ra8 49. d4 b6 50. dxc5+ bxc5 51. Re4 Ra7 52. Re8 f5
53. Kc3 Re7 54. Rd8+ Kc7 55. Rd2 Kc6 56. Ra2 Rd7 57. Ra8 Re7 58. Ra2 1/2-1/2

[Event "N֖ Landesliga 2015/16 Baden - Litschau"]
[Site "Baden"]
[Date "2015.11.08"]
[Round "3"]
[White "Rudolf, Herbert"]
[Black "Ptacnik, Pavel"]
[Result "1/2-1/2"]
[WhiteElo "2090"]
[BlackElo "2023"]
[PlyCount "81"]
[EventDate "2015.??.??"]

1. e4 c5 2. Nc3 Nc6 3. g3 g6 4. Bg2 Bg7 5. d3 Nf6 6. f4 d6 7. Nf3 O-O 8. O-O e6
9. h3 Rb8 10. Be3 b5 11. a3 b4 12. axb4 Rxb4 13. Ra2 Qb6 14. b3 Ng4 15. hxg4
Bxc3 16. f5 Ne5 17. Nxe5 Bxe5 18. Kh2 Qd8 19. Bf4 Bxf4 20. Rxf4 e5 21. Rf2 a6
22. f6 Re8 23. g5 Qd7 24. Qf3 Rb6 25. Bf1 Qg4 26. Qe3 h6 27. gxh6 Kh7 28. Ra1
Rh8 29. Kg1 Bb7 30. Be2 Qe6 31. g4 Rc8 32. g5 Rb4 33. Qg3 Rd8 34. Bg4 Qe8 35.
Re2 d5 36. exd5 Bxd5 37. Bf3 Qc6 38. Bxd5 Rxd5 39. Rae1 Rdd4 40. Re4 Rxe4 41.
dxe4 1/2-1/2

[Event "N֖ Landesliga 2015/16"]
[Site "?"]
[Date "2015.11.22"]
[Round "4.1"]
[White "Ganaus, Hannes"]
[Black "Vyskocil, Neklan"]
[Result "1/2-1/2"]
[WhiteElo "2259"]
[BlackElo "2376"]
[PlyCount "46"]
[EventDate "2015.09.27"]

1. d4 f5 2. Nf3 Nf6 3. h3 d6 4. Bf4 g6 5. e3 Bg7 6. Bc4 c6 7. a4 Na6 8. O-O Nc7
9. Bb3 Be6 10. c4 h6 11. h4 O-O 12. Nc3 Bf7 13. Re1 Ne6 14. a5 Ne4 15. Bh2 Bf6
16. Qd3 Nxc3 17. bxc3 Ng7 18. e4 fxe4 19. Qxe4 Qd7 20. Bf4 Kh7 21. g3 Qh3 22.
Bc2 Nh5 23. Bd2 Nxg3 1/2-1/2

[Event "N֖ Landesliga 2015/16"]
[Site "?"]
[Date "2015.11.22"]
[Round "4.1"]
[White "Zwettler, Martin"]
[Black "Lendwai, Reinhard"]
[Result "1/2-1/2"]
[WhiteElo "2272"]
[BlackElo "2359"]
[PlyCount "23"]
[EventDate "2015.09.27"]

1. c4 e5 2. g3 Nf6 3. Bg2 h6 4. Nc3 Bb4 5. e4 Nc6 6. Nge2 a6 7. O-O Bc5 8. d3
d6 9. h3 Be6 10. Nd5 Bxd5 11. cxd5 Nd4 12. Be3 1/2-1/2

[Event "N֖ Landesliga 2015/16"]
[Site "?"]
[Date "2015.11.22"]
[Round "4.1"]
[White "Juenger, Heinz"]
[Black "Mlynek, Petr"]
[Result "1-0"]
[WhiteElo "2143"]
[BlackElo "2197"]
[PlyCount "63"]
[EventDate "2015.09.27"]

1. e4 c6 2. d4 d5 3. Nc3 dxe4 4. Nxe4 Nd7 5. Ng5 Ngf6 6. Bd3 e6 7. N1f3 Bd6 8.
Qe2 h6 9. Ne4 Nxe4 10. Qxe4 Nf6 11. Qe2 Qc7 12. Bd2 b6 13. Ne5 Bb7 14. f4 O-O-O
15. O-O c5 16. a4 a5 17. Nc4 cxd4 18. Nxd6+ Qxd6 19. b4 axb4 20. a5 bxa5 21.
Rxa5 Kc7 22. Qe5 Qxe5 23. fxe5 Nd5 24. Rxf7+ Rd7 25. Rc5+ Bc6 26. Rxd7+ Kxd7
27. Rc4 Bb5 28. Rxd4 Bxd3 29. Rxd3 Rc8 30. Bxb4 Rxc2 31. Bf8 Rxg2+ 32. Kxg2 1-0

[Event "N֖ Landesliga 2015/16"]
[Site "?"]
[Date "2015.11.22"]
[Round "4.1"]
[White "Vykydal, Frantisek"]
[Black "Zojer, Stefan"]
[Result "1-0"]
[WhiteElo "2117"]
[BlackElo "2109"]
[Annotator ",Peter"]
[PlyCount "75"]
[EventDate "2015.09.27"]

1. e4 e5 2. Nf3 Nc6 3. Bb5 a6 4. Ba4 Nf6 5. Bxc6 dxc6 6. d3 Nd7 7. O-O Be7 8.
Nbd2 O-O 9. Nc4 f6 10. a4 Nc5 11. Be3 Bg4 12. h3 Bh5 13. Re1 Qd7 14. Nfxe5 Qe8
15. Nf3 Rd8 16. Bxc5 Bxc5 17. Ne3 b5 18. Nf5 Qd7 19. Qe2 Kh8 20. axb5 axb5 21.
Ng3 Bf7 22. e5 Rfe8 23. Ne4 Bd4 24. Nxd4 Qxd4 25. exf6 Qxb2 26. Rab1 Qd4 27.
Qe3 Qe5 28. f4 Qd5 29. fxg7+ Kxg7 30. Qg3+ Kh8 31. Ng5 Bg6 32. Qf2 Rb8 33.
Rxe8+ Rxe8 34. Re1 Rxe1+ 35. Qxe1 Qd4+ 36. Qf2 Qa1+ 37. Kh2 b4 38. Qc5 1-0

[Event "N֖ Landesliga 2015/16"]
[Site "?"]
[Date "2015.11.22"]
[Round "4.2"]
[White "Kleiser, Gregor"]
[Black "Juhasz, Kristof"]
[Result "0-1"]
[WhiteElo "2242"]
[BlackElo "2354"]
[PlyCount "70"]
[EventDate "2015.09.27"]

1. d4 Nf6 2. Nf3 d5 3. c4 e6 4. g3 Bb4+ 5. Bd2 Be7 6. Bg2 O-O 7. O-O c6 8. Nc3
dxc4 9. e4 b5 10. Re1 Bb7 11. Qc2 Nbd7 12. Rad1 h6 13. Qc1 Re8 14. e5 Nh7 15.
Re4 b4 16. Ne2 c5 17. Re3 cxd4 18. Nfxd4 Bxg2 19. Kxg2 Qc7 20. Re4 Nxe5 21. f3
Nf6 22. Rh4 Ng6 23. Rh3 Bf8 24. Be3 Rad8 25. Re1 Rd5 26. Nc2 e5 27. Bf2 e4 28.
f4 Ng4 29. Ne3 Nxe3+ 30. Bxe3 Rdd8 31. Rh5 Qd7 32. Ra5 Qg4 33. Ng1 Nh4+ 34. Kf2
Nf3 35. Rf1 Nxh2 0-1

[Event "N֖ Landesliga 2015/16"]
[Site "?"]
[Date "2015.11.22"]
[Round "4.2"]
[White "Plachetka, Jan"]
[Black "Winiwarter, Felix"]
[Result "1-0"]
[WhiteElo "2371"]
[BlackElo "2117"]
[PlyCount "67"]
[EventDate "2015.09.27"]

1. d4 Nf6 2. Nf3 g6 3. Bg5 Bg7 4. Nbd2 d5 5. e3 O-O 6. Bd3 Nbd7 7. O-O c6 8. h3
b6 9. c4 Bb7 10. Rc1 Rc8 11. Re1 c5 12. cxd5 Nxd5 13. Bc4 cxd4 14. exd4 N7f6
15. Ne5 Qd6 16. Ndf3 a6 17. Qe2 b5 18. Bb3 e6 19. Nd3 Nd7 20. Nfe5 Nxe5 21.
dxe5 Qb8 22. Nc5 Rc7 23. Bxd5 exd5 24. e6 fxe6 25. Qxe6+ Kh8 26. Nd7 Rxc1 27.
Nxb8 Rxe1+ 28. Qxe1 Rxb8 29. Qe7 Ba8 30. Bf6 Rg8 31. Bxg7+ Rxg7 32. Qf8+ Rg8
33. Qf6+ Rg7 34. Qxa6 1-0

[Event "N֖ Landesliga 2015/16"]
[Site "?"]
[Date "2015.11.22"]
[Round "4.2"]
[White "Luncescu, Christian"]
[Black "Lechner, Daniel"]
[Result "0-1"]
[WhiteElo "2191"]
[BlackElo "2232"]
[PlyCount "89"]
[EventDate "2015.09.27"]

1. e4 c5 2. Nc3 a6 3. g3 b5 4. Bg2 Bb7 5. d3 e6 6. f4 d5 7. exd5 exd5 8. Nf3
Nf6 9. Ne5 Be7 10. d4 O-O 11. Be3 Nbd7 12. O-O cxd4 13. Bxd4 Nc5 14. a3 Nfe4
15. f5 Rc8 16. Ng4 f6 17. Kh1 Nxc3 18. Bxc3 Ne4 19. Bd4 Bd6 20. Ne3 Qc7 21. c3
Rfe8 22. Kg1 Rcd8 23. Qg4 Be5 24. Bxe5 Qxe5 25. Nc2 Qc7 26. Nd4 Qb6 27. Rfe1 a5
28. Rad1 b4 29. cxb4 axb4 30. a4 Rc8 31. Bxe4 dxe4 32. Kg2 e3+ 33. Kh3 Re4 34.
a5 Qxa5 35. Qe2 Qe5 36. Qb5 Bd5 37. Qd7 Re8 38. Nf3 Bc6 39. Nxe5 Bxd7 40. Nxd7
R8e7 41. g4 Rc4 42. Nb6 Rc2 43. Rd8+ Kf7 44. Nd5 Re5 45. Nxb4 {Die Partie
- am Brett - von Wei� gewonnen. Da sie aber nur hochgeladen werden kann, wenn
das Partiergebnis mit dem Turnieregebnis �bereinstimmt, ist hier "0:1"
eingegeben.} 0-1

[Event "N֖ Landesliga 2015/16"]
[Site "?"]
[Date "2015.11.22"]
[Round "4.2"]
[White "Juhasz, Armin"]
[Black "Woeber, Friedrich"]
[Result "1-0"]
[WhiteElo "2315"]
[BlackElo "2132"]
[PlyCount "47"]
[EventDate "2015.09.27"]

1. Nf3 Nf6 2. g3 g6 3. b3 Bg7 4. Bb2 d5 5. c4 c6 6. Bg2 Qb6 7. Qc1 Na6 8. O-O
O-O 9. d3 dxc4 10. bxc4 Bg4 11. Nbd2 Nd7 12. Bxg7 Kxg7 13. Rb1 Qa5 14. Rxb7
Rab8 15. Qa1+ f6 16. Nb3 Qa3 17. Rxa7 Ra8 18. Rxa8 Rxa8 19. Nfd4 Nb4 20. h3 e5
21. hxg4 exd4 22. Qxd4 Ra7 23. g5 Nc2 24. Qc3 1-0

[Event "N֖ Landesliga 2015/16"]
[Site "?"]
[Date "2015.11.22"]
[Round "4.3"]
[White "Polak, Tomas"]
[Black "Schmidrathner, Christian"]
[Result "1-0"]
[WhiteElo "2524"]
[BlackElo "2093"]
[PlyCount "67"]
[EventDate "2015.09.27"]

1. d4 Nf6 2. c4 c5 3. d5 b5 4. cxb5 a6 5. bxa6 g6 6. Nc3 Bxa6 7. g3 d6 8. Bg2
Bg7 9. Nf3 O-O 10. O-O Nbd7 11. Rb1 Ne8 12. Re1 Bc4 13. a3 Rb8 14. Nd2 Ba6 15.
Qc2 Nc7 16. b3 e6 17. Bb2 Re8 18. dxe6 Nxe6 19. Nd5 Nd4 20. Bxd4 Bxd4 21. Nc4
Bxc4 22. Qxc4 Qa5 23. a4 Nb6 24. Qd3 Nxd5 25. Bxd5 Qc3 26. Qd1 Re5 27. Bg2 c4
28. Rc1 Qb2 29. Rxc4 Bc5 30. Bd5 Rbe8 31. Rc2 Qd4 32. Qxd4 Bxd4 33. Bc4 Rc8 34.
Bxf7+ 1-0

[Event "N֖ Landesliga 2015/16"]
[Site "?"]
[Date "2015.11.22"]
[Round "4.3"]
[White "Pammer, Andreas"]
[Black "Amberger, Dieter"]
[Result "0-1"]
[WhiteElo "2102"]
[BlackElo "2083"]
[PlyCount "102"]
[EventDate "2015.09.27"]

1. c4 e6 2. Nf3 Nf6 3. b3 d5 4. Bb2 c5 5. e3 Nc6 6. Be2 Be7 7. O-O O-O 8. d4 b6
9. cxd5 Nxd5 10. Nbd2 Bb7 11. Rc1 Rc8 12. Bd3 cxd4 13. Nxd4 Nxd4 14. Bxd4 Rxc1
15. Qxc1 Nf4 16. Bc4 Nxg2 17. Qc3 Bf6 18. Bxf6 Qxf6 19. Qxf6 gxf6 20. Rc1 Rd8
21. Nf1 Nh4 22. f4 Nf3+ 23. Kf2 Nd2 24. Ke1 Ne4 25. Be2 Rc8 26. Rxc8+ Bxc8 27.
Bd3 Bb7 28. Nd2 Nc3 29. a3 f5 30. b4 Kf8 31. Nb3 Ke7 32. Nd4 Be4 33. Bxe4 Nxe4
34. Nc6+ Kd7 35. Nxa7 Nd6 36. a4 Kc7 37. b5 Nc4 38. Ke2 Nb2 39. Nc6 Nxa4 40.
Kd3 Kd6 41. Kd4 Nc5 42. Ne5 f6 43. Nc4+ Kc7 44. Na3 Ne4 45. Nc4 Nd6 46. Na3 Kd7
47. Kd3 e5 48. h3 Ke6 49. Kc3 Kd5 50. Kb4 exf4 51. exf4 Ke4 0-1

[Event "N֖ Landesliga 2015/16"]
[Site "?"]
[Date "2015.11.22"]
[Round "4.3"]
[White "Piringer, Florian"]
[Black "Wetscherek, Gerhard"]
[Result "1/2-1/2"]
[WhiteElo "2118"]
[BlackElo "2108"]
[PlyCount "88"]
[EventDate "2015.09.27"]

1. e4 d6 2. d4 g6 3. Nf3 Bg4 4. Bc4 Nf6 5. e5 d5 6. Bb5+ Nfd7 7. O-O Bg7 8. h3
Bxf3 9. Qxf3 e6 10. c3 O-O 11. Qg4 c5 12. Nd2 Qb6 13. Bxd7 Nxd7 14. Nb3 cxd4
15. cxd4 a5 16. Be3 a4 17. Nc5 Nxc5 18. dxc5 Qxb2 19. Bd4 Qc2 20. Rfc1 Qd3 21.
Rd1 Qe4 22. Rab1 Qc2 23. Rdc1 Qd2 24. Qd1 Qg5 25. Qe2 Rfc8 26. Qe3 Qe7 27. Rb5
Rc7 28. Rcb1 Bf8 29. Qa3 Qd7 30. Qb4 Ra7 31. Ra5 Rxa5 32. Qxa5 Qc8 33. Rb5 h6
34. Qa7 Kg7 35. Kf1 Be7 36. Kg1 g5 37. g3 Bf8 38. Rb4 Qd7 39. Rb6 Qc8 40. Rb5
Qd7 41. Qa5 Be7 42. Qb4 Qc8 43. Qa5 Qd7 44. Kg2 Qc8 1/2-1/2

[Event "N֖ Landesliga 2015/16"]
[Site "?"]
[Date "2015.11.22"]
[Round "4.3"]
[White "Seidler, Dieter"]
[Black "Schmid, Thomas"]
[Result "0-1"]
[WhiteElo "1895"]
[BlackElo "2114"]
[PlyCount "120"]
[EventDate "2015.09.27"]

1. d4 Nf6 2. c4 g6 3. Nc3 Bg7 4. e4 d6 5. f3 O-O 6. Be3 Nc6 7. Bd3 e5 8. d5 Nd4
9. Nge2 Nd7 10. O-O f5 11. exf5 gxf5 12. Qd2 c5 13. Bg5 Nf6 14. Nxd4 cxd4 15.
Ne2 Qe8 16. Rae1 Qh5 17. Ng3 Qg6 18. Kh1 h6 19. Bh4 b6 20. Qb4 Ne8 21. Qa4 Kh8
22. Qc6 Rb8 23. b4 Qf7 24. Qa4 a6 25. Qc2 Nc7 26. a4 b5 27. axb5 axb5 28. Qb3
bxc4 29. Bxc4 Bb7 30. Ra1 Bxd5 31. Bxd5 Qxd5 32. Rfb1 Qxb3 33. Rxb3 Nb5 34. Ra5
Rf7 35. Kg1 Kh7 36. Nh5 Bh8 37. Bf2 Kg6 38. Ng3 Rc7 39. Kf1 Rc1+ 40. Be1 Kf6
41. Ke2 Rc6 42. Kd3 Kg6 43. Ra2 Bf6 44. Rc2 Rxc2 45. Kxc2 Rc8+ 46. Kd1 d5 47.
Rb1 d3 48. Rc1 Rxc1+ 49. Kxc1 Bg5+ 50. Bd2 f4 51. Nf1 e4 52. fxe4 dxe4 53. h4
Bxh4 54. Bxf4 Bg5 55. Be3 Kf5 56. Kd2 Nd6 57. Bxg5 hxg5 58. Ke3 Ke5 59. Kd2 Kd4
60. Ne3 Nc4+ 0-1

[Event "N֖ Landesliga 2015/16"]
[Site "?"]
[Date "2015.11.22"]
[Round "4.4"]
[White "Vrana, Frantisek"]
[Black "Weiss, Christian"]
[Result "1-0"]
[WhiteElo "2228"]
[BlackElo "2381"]
[PlyCount "89"]
[EventDate "2015.09.27"]

1. d4 c5 2. d5 e5 3. e4 d6 4. Bb5+ Bd7 5. a4 Nf6 6. Nc3 Be7 7. Nf3 O-O 8. Nd2
a6 9. Bxd7 Nbxd7 10. a5 Ne8 11. Nc4 Bg5 12. O-O g6 13. Ra3 Rc8 14. Be3 Rc7 15.
Qd2 Bxe3 16. Nxe3 Ndf6 17. Nc4 Nh5 18. Ne2 Qe7 19. Rh3 f5 20. exf5 Rxf5 21. Re3
Qh4 22. b3 Rcf7 23. Qe1 Nhf6 24. Rh3 Qg5 25. Ne3 Rf4 26. Rg3 Qh5 27. Nxf4 exf4
28. Rh3 Qe5 29. Nc4 Qxd5 30. Rd3 Qf5 31. Qc3 Ne4 32. Qe1 d5 33. f3 dxc4 34.
fxe4 Qe6 35. bxc4 g5 36. Rd5 h6 37. Qc3 Nf6 38. Qe5 Qxe5 39. Rxe5 Rd7 40. Rb1
Kf7 41. h3 Nh5 42. Rd5 Re7 43. e5 Ke6 44. Rb6+ Kf5 45. Rxh6 1-0

[Event "N֖ Landesliga 2015/16"]
[Site "?"]
[Date "2015.11.22"]
[Round "4.4"]
[White "Menezes, Christoph"]
[Black "Hofmann, Thomas"]
[Result "0-1"]
[WhiteElo "2291"]
[BlackElo "2223"]
[PlyCount "80"]
[EventDate "2015.09.27"]

1. d4 Nf6 2. c4 e6 3. Nf3 d5 4. g3 dxc4 5. Bg2 Bd7 6. Ne5 Bc6 7. Nxc6 Nxc6 8.
O-O Qd7 9. e3 O-O-O 10. Qa4 Nd5 11. Qxc4 f5 12. Bd2 h5 13. Rc1 h4 14. b4 hxg3
15. hxg3 Bd6 16. b5 Nce7 17. a4 g5 18. a5 Qe8 19. b6 a6 20. bxc7 Rd7 21. Nc3 f4
22. Na4 Rxc7 23. Qb3 Qh5 24. e4 fxg3 25. exd5 Qh2+ 26. Kf1 gxf2 27. Qf3 Nxd5
28. Nb6+ Kb8 29. Rxc7 Qg1+ 30. Ke2 Qxa1 31. Rc1 Qb2 32. Nxd5 exd5 33. Qxd5 Re8+
34. Kf1 Bg3 35. Be4 Rxe4 36. Qxe4 Qxd2 37. Rb1 Qe1+ 38. Rxe1 fxe1=Q+ 39. Qxe1
Bxe1 40. Kxe1 Kc7 0-1

[Event "N֖ Landesliga 2015/16"]
[Site "?"]
[Date "2015.11.22"]
[Round "4.4"]
[White "Wolfram, Bernd"]
[Black "Knoll, Hermann"]
[Result "1/2-1/2"]
[WhiteElo "2215"]
[BlackElo "2309"]
[PlyCount "49"]
[EventDate "2015.09.27"]

1. c4 e5 2. g3 Nf6 3. Bg2 h6 4. a3 g6 5. Nc3 Bg7 6. e4 d6 7. Nge2 Be6 8. d3 Qd7
9. h3 Nc6 10. Be3 Ne7 11. Qd2 c6 12. f4 Nh5 13. g4 Nxf4 14. Nxf4 exf4 15. Bxf4
d5 16. exd5 cxd5 17. cxd5 Nxd5 18. Nxd5 Bxd5 19. Qe3+ Be6 20. O-O-O O-O 21. d4
Rfe8 22. Qd3 Bc4 23. Qf3 Rac8 24. Kb1 b5 25. Rd2 1/2-1/2

[Event "N֖ Landesliga 2015/16"]
[Site "?"]
[Date "2015.11.22"]
[Round "4.4"]
[White "Steiner, Heinz"]
[Black "Teuber, Andreas"]
[Result "1-0"]
[WhiteElo "2125"]
[BlackElo "2208"]
[PlyCount "67"]
[EventDate "2015.09.27"]

1. c4 f5 2. Nf3 Nf6 3. g3 g6 4. Bg2 Bg7 5. O-O O-O 6. d4 d6 7. Nc3 Nc6 8. d5
Ne5 9. Nd2 Rb8 10. h3 Nf7 11. Nf3 e5 12. dxe6 Bxe6 13. Be3 Bxc4 14. Bxa7 Ra8
15. Bd4 Re8 16. Re1 c6 17. b3 Be6 18. Qc2 Qa5 19. Na4 Rac8 20. Bc3 Qa7 21. Bd4
c5 22. Bb2 c4 23. Bd4 Qa6 24. b4 Nd8 25. Ng5 Nc6 26. Nxe6 Rxe6 27. Bxf6 Rxf6
28. b5 Qxb5 29. Rab1 Nb4 30. Qd1 c3 31. Qb3+ Qc4 32. Qxb4 c2 33. Qxc4+ Rxc4 34.
Bd5+ 1-0

[Event "N֖ Landesliga 2015/16"]
[Site "?"]
[Date "2015.11.22"]
[Round "4.5"]
[White "Sandh�fner, Florian"]
[Black "Kranzl, Peter"]
[Result "1/2-1/2"]
[WhiteElo "2301"]
[BlackElo "2206"]
[PlyCount "20"]
[EventDate "2015.09.27"]

1. e4 c6 2. d4 d5 3. Nd2 dxe4 4. Nxe4 Nd7 5. Bc4 Ndf6 6. Ng5 Nh6 7. N1f3 g6 8.
O-O Bg7 9. c3 O-O 10. Re1 Nd5 1/2-1/2

[Event "N֖ Landesliga 2015/16"]
[Site "?"]
[Date "2015.11.22"]
[Round "4.5"]
[White "Wadsack, Wolfgang"]
[Black "Heimberger, Reinhard"]
[Result "1/2-1/2"]
[WhiteElo "2153"]
[BlackElo "2258"]
[PlyCount "86"]
[EventDate "2015.09.27"]

1. e4 c6 2. d4 g6 3. Nc3 Bg7 4. Be3 Nf6 5. h3 O-O 6. Qd2 b5 7. Bd3 d6 8. Nf3
Re8 9. Bh6 Bh8 10. Ne2 Nbd7 11. a4 bxa4 12. Rxa4 Nb6 13. Ra1 d5 14. e5 Nh5 15.
g4 Ng7 16. Ng3 Ne6 17. c3 c5 18. O-O a5 19. Kh2 cxd4 20. cxd4 Nc4 21. Qc2 a4
22. Rxa4 Rxa4 23. Qxa4 Nxb2 24. Qb5 Nxd3 25. Qxd3 Qa5 26. Qb3 Ba6 27. Bd2 Qb5
28. Qxb5 Bxb5 29. Rb1 Bd3 30. Rb4 f6 31. Be3 Nd8 32. Rb8 Kf7 33. Ne1 Bc4 34.
Nf3 Bg7 35. exf6 exf6 36. Nd2 Ba6 37. Nb3 Nb7 38. Rxe8 Kxe8 39. Kg2 Bf8 40. Kf3
Bc4 41. Nd2 Bd3 42. Ne2 g5 43. Nc3 Bc4 1/2-1/2

[Event "N֖ Landesliga 2015/16"]
[Site "?"]
[Date "2015.11.22"]
[Round "4.5"]
[White "Danner, Lambert"]
[Black "Wadsack, Winfried"]
[Result "0-1"]
[WhiteElo "2110"]
[BlackElo "2137"]
[PlyCount "148"]
[EventDate "2015.09.27"]

1. c4 e5 2. Nc3 Nf6 3. g3 Nc6 4. Bg2 Bb4 5. Nf3 d6 6. O-O O-O 7. d3 h6 8. Bd2
Be6 9. a3 Bxc3 10. Bxc3 Nd7 11. b3 f5 12. e4 fxe4 13. dxe4 Nf6 14. Ne1 Qd7 15.
Nc2 Bh3 16. Ne3 Bxg2 17. Kxg2 Ne7 18. f3 c6 19. Qe2 Qe6 20. Rad1 Rad8 21. b4 a6
22. Rd3 b5 23. cxb5 axb5 24. Rfd1 Rd7 25. Qb2 Rfd8 26. R1d2 Nc8 27. Qa2 Qxa2
28. Rxa2 Nb6 29. Rd1 Ra8 30. Kf2 Kf7 31. Ke2 Ke6 32. Bb2 d5 33. Rc1 Rd6 34. Nf5
dxe4 35. Nxd6 exf3+ 36. Kxf3 Kxd6 37. Bxe5+ Kxe5 38. Rxc6 Nfd7 39. Rg6 Rf8+ 40.
Ke2 Rf7 41. Rc6 Kd5 42. Rc7 Re7+ 43. Kf2 Kd6 44. Rc3 Nf6 45. Kf3 Nc4 46. Rd3+
Nd5 47. Kf2 Kc6 48. Re2 Ne5 49. Rc2+ Kd6 50. Rd4 Rf7+ 51. Ke2 Nc4 52. Rd3 Ke5
53. Rc1 Ke4 54. Rcd1 Ncb6 55. Rd4+ Ke5 56. R4d3 Rc7 57. Kf3 Rf7+ 58. Ke2 g5 59.
Rc1 Na4 60. Rc8 Re7 61. Kf3 h5 62. h3 h4 63. gxh4 gxh4 64. Kg4 Nab6 65. Rc5 Ke4
66. Rd2 Rh7 67. Rxb5 Ne3+ 68. Kg5 Nbd5 69. Kg6 Rd7 70. Rf2 Nf4+ 71. Kf6 Ned5+
72. Kg5 Nxh3+ 73. Kxh4 Nxf2 74. Rb8 Ra7 0-1

[Event "N֖ Landesliga 2015/16"]
[Site "?"]
[Date "2015.12.13"]
[Round "5.1"]
[White "Lovrinovic, Christian"]
[Black "Hofmann, Thomas"]
[Result "1-0"]
[WhiteElo "2121"]
[BlackElo "2223"]
[PlyCount "69"]
[EventDate "2015.09.27"]

1. d4 Nf6 2. c4 c5 3. d5 b5 4. cxb5 a6 5. bxa6 g6 6. Nc3 Bg7 7. g3 O-O 8. Bg2
d6 9. Nf3 Nbd7 10. Rb1 Nb6 11. O-O Bf5 12. Ra1 Ne4 13. Nxe4 Bxe4 14. Nh4 Bxg2
15. Nxg2 Rxa6 16. a3 Ra4 17. Qb3 Qc7 18. Rd1 Rb8 19. Rb1 Qa7 20. Ne3 Rd4 21.
Qc2 Qa8 22. b4 Nxd5 23. Nxd5 Rxd5 24. Rxd5 Qxd5 25. bxc5 Rc8 26. c6 Bd4 27. Bh6
f6 28. c7 Ba7 29. e4 Qe6 30. Rb7 Bc5 31. Rb8 Kf7 32. Rxc8 Qxc8 33. Qb3+ Ke8 34.
Qb5+ Kf7 35. Qb8 1-0

[Event "N֖ Landesliga 2015/16"]
[Site "?"]
[Date "2015.12.13"]
[Round "5.1"]
[White "Vrana, Frantisek"]
[Black "Kranzl, Peter"]
[Result "1-0"]
[WhiteElo "2228"]
[BlackElo "2206"]
[PlyCount "107"]
[EventDate "2015.09.27"]

1. e4 c6 2. Nf3 d5 3. Nc3 Bg4 4. h3 Bxf3 5. Qxf3 e6 6. d3 Nf6 7. Bd2 Bb4 8. a3
Ba5 9. e5 Ng8 10. Qg3 Kf8 11. d4 Ne7 12. Bd3 a6 13. b4 Bc7 14. Ne2 Nd7 15. Nf4
Ng6 16. Bxg6 hxg6 17. Ke2 Qh4 18. Qf3 Ke8 19. g3 Qh7 20. h4 Bd8 21. Nd3 Nb6 22.
Nc5 Rb8 23. Bg5 Be7 24. Nd3 Nc4 25. a4 b6 26. Rab1 Na3 27. Rbc1 Nc4 28. c3 Rb7
29. Be3 Rb8 30. Rb1 Rc8 31. Nf4 g5 32. Nd3 gxh4 33. gxh4 Qh5 34. Rbg1 Qxf3+ 35.
Kxf3 g6 36. Bg5 Bxg5 37. hxg5 Ke7 38. Ke2 Ra8 39. Rh6 Rhf8 40. Rgh1 a5 41. Ra1
Rfb8 42. Rh7 Rh8 43. Rh6 Rhb8 44. Nf4 axb4 45. cxb4 Rh8 46. Rah1 Rxh6 47. gxh6
Rh8 48. Nd3 g5 49. a5 bxa5 50. bxa5 f5 51. a6 Kf7 52. Rb1 Kg6 53. Nc5 Ra8 54.
Rh1 1-0

[Event "N֖ Landesliga 2015/16"]
[Site "?"]
[Date "2015.12.13"]
[Round "5.1"]
[White "Strobel, Ferdinand"]
[Black "Teuber, Andreas"]
[Result "0-1"]
[WhiteElo "2062"]
[BlackElo "2208"]
[PlyCount "42"]
[EventDate "2015.09.27"]

1. f4 d5 2. Nf3 Nf6 3. g3 g6 4. Bg2 c5 5. d3 Bg7 6. O-O O-O 7. c3 Nc6 8. h3 Qb6
9. Qb3 Qc7 10. g4 h6 11. Na3 Be6 12. Qc2 Qb6 13. Kh1 d4 14. c4 Rae8 15. e4 dxe3
16. Bxe3 Rd8 17. Rad1 h5 18. Ng5 Bc8 19. Qf2 Nd4 20. Nb5 hxg4 21. b4 gxh3 0-1

[Event "N֖ Landesliga 2015/16"]
[Site "?"]
[Date "2015.12.13"]
[Round "5.1"]
[White "Wolfram, Bernd"]
[Black "Danner, Lambert"]
[Result "1/2-1/2"]
[WhiteElo "2215"]
[BlackElo "2110"]
[PlyCount "66"]
[EventDate "2015.09.27"]

1. c4 f5 2. g3 Nf6 3. Bg2 d6 4. Nc3 g6 5. d3 Bg7 6. e4 fxe4 7. dxe4 c6 8. Nge2
O-O 9. h3 Be6 10. b3 Nbd7 11. Be3 a6 12. O-O Rc8 13. Rc1 b5 14. cxb5 axb5 15.
Nd4 Bf7 16. Nce2 Nb8 17. Qd2 e5 18. Nc2 Qe7 19. Nb4 c5 20. Nd5 Bxd5 21. exd5 b4
22. f4 Nh5 23. Rce1 Rce8 24. g4 Nxf4 25. Nxf4 exf4 26. Bxf4 Qc7 27. Kh1 Bc3 28.
Rxe8 Rxe8 29. Qd3 Nd7 30. Qb5 Rc8 31. Qc6 Ne5 32. Bxe5 Bxe5 33. Qxc7 Rxc7
1/2-1/2

[Event "N֖ Landesliga 2015/16"]
[Site "?"]
[Date "2015.12.13"]
[Round "5.2"]
[White "Menezes, Christoph"]
[Black "Gajic, Zoran"]
[Result "1-0"]
[WhiteElo "2291"]
[BlackElo "2073"]
[PlyCount "77"]
[EventDate "2015.09.27"]

1. d4 Nf6 2. Nf3 d5 3. c4 c5 4. cxd5 cxd4 5. Qxd4 Qxd5 6. Nc3 Qxd4 7. Nxd4 e5
8. Ndb5 Na6 9. g3 Bd7 10. Bg2 Bc6 11. O-O Be7 12. Be3 Bxg2 13. Kxg2 b6 14. Rfd1
O-O 15. Bg5 Nc5 16. Rd2 a6 17. Bxf6 Bxf6 18. Nc7 Rac8 19. N7d5 Bd8 20. Rad1 g6
21. h4 Kg7 22. Ne3 h5 23. Rd6 Re8 24. Ned5 Re6 25. Rxe6 Nxe6 26. Nb4 a5 27. Nd3
Bf6 28. e3 Rd8 29. Kf3 b5 30. Ke2 Kf8 31. Rc1 b4 32. Ne4 Bg7 33. Rc6 Ra8 34.
Rb6 Ra7 35. Nd6 Rc7 36. Rb8+ Ke7 37. Ne8 e4 38. Nxb4 Rc4 39. Nd5+ 1-0